La cuestión urbana / (Registro nro. 13020)
[ vista simple ]
| 000 -LIDER | |
|---|---|
| fixed length control field | 00485nam a22001817a 4500 |
| 003 - IDENTIFICACDOR DE NÚMERO DE CONTROL | |
| control field | DO-SdBNP |
| 005 - DATE AND TIME OF LATEST TRANSACTION | |
| control field | 20171205092720.0 |
| 008 - ELEMENTOS DE LONGITUD FIJA | |
| fixed length control field | 171122b mx||||| |||| 00| 0 spa d |
| 020 ## - ISBN | |
| International Standard Book Number | 9682303613 |
| 040 ## - FUENTE DE CATALOGACIÓN | |
| Agencia que crea de manera original el registro | BPMSU |
| Idioma de catalogación | spa |
| Agencia que realiza la transcripción | BPMSU |
| 100 1# - ASIENTO PRINCIPAL -- NOMBRE PERSONAL | |
| Nombre personal | Castells, Manuel |
| 245 10 - MENCIÓN DE TITULO | |
| Título | La cuestión urbana / |
| Mención de responsabilidad | Manuel Castells |
| 260 ## - PUBLICACIÓN, DISTRIBUCIÓN, ETC. (PIE DE IMPRENTA) | |
| Lugar de publicación, distribución, etc | México : |
| Nombre del editor, distribuidor, etc. | Siglo Veintiuno editores |
| Fecha de publicación, distribución, etc | 1976 |
| 300 ## - DESCRIPCIÓN FÍSICA | |
| Extensión | 517 p. |
| 942 ## - ADDED ENTRY ELEMENTS (KOHA) | |
| Source of classification or shelving scheme | Dewey Decimal Classification |
| Koha item type | Libros |
| 945 ## - INFORMACIÓN DE PROCESAMIENTO LOCAL | |
| Información de procesamiento local | inventariado extranjero / DG |
| 956 ## - LOCAL ELECTRONIC LOCATION AND ACCESS (OCLC) | |
| Nombre de host | dgarcia |
| Número de acceso | 10 |
| Withdrawn status | Lost status | Source of classification or shelving scheme | Damaged status | Not for loan | Collection code | Home library | Current library | Date acquired | Source of acquisition | Total Checkouts | Barcode | Date last seen | Price effective from | Koha item type |
|---|---|---|---|---|---|---|---|---|---|---|---|---|---|---|
| Dewey Decimal Classification | Colección General | Biblioteca Pública Metropolitana Salomé Ureña | Biblioteca Pública Metropolitana Salomé Ureña | 11/22/2017 | Donado | BPMSU17110337 | 11/22/2017 | 11/22/2017 | Libros |